Qui est ce kpop idol? (édition idols qui se ressemblent) - Statistiques

Statistiques générales
  • Ce quiz a été pris 296 fois
  • Le résultat moyen est 9 sur 16
Statistiques - réponses
Par images Réponse % Correct
Jennie
98%
Hyunjin
89%
Suga
89%
Seungmin
85%
Yeji
83%
Soobin
78%
Woozi
69%
Ningning
59%
Soul
53%
Jongseob
39%
Joy
36%
Minhyuk
27%
Suzy
27%
Wonpil
12%
Ryo
8%
Ye-On
8%
Aucun quiz correspondant
Distribution des résultats
% des personnes avec chaque résultat
Percentile par nombre de réponses
Votre historique - résultats
Vous n’avez pas pris ce quiz